Aspectos fiscales de la movilidad internacional de los recursos humanos

Bibliographic Details
Main Author: Caldern̤ Corredor, Zulema
Format: eBook
Language:Spanish
Published: Madrid: Dykinson, 2015
Subjects:
Online Access:Acceso restringido

MARC

LEADER 00000nam a22000007a 4500
005 20160927153056.0
007 cr|||| ||||
008 160927s2015 sp |||||o|||| 001 0 spa d
020 |a 978-84-9085-545-4 
035 |a 14345 
040 |a vLex 
090 |c 6236  |d 6236 
100 1 |a Caldern̤ Corredor, Zulema 
245 1 |a Aspectos fiscales de la movilidad internacional de los recursos humanos  |h [Recurso electrn̤ico] /  |c Zulema Caldern̤ Corredor  
256 |a Servicio en linea 
260 |a Madrid:  |b Dykinson,  |c 2015 
300 |a 1 recurso electronico 
506 1 |a Disponible solo en los productos indicados  |d vLex Global  |d vLex Global (Academic Edition, excluding Law Schools)  |d vLex Global (U.S. Academic Edition, Law Schools)  |d vLex Global (U.S. Academic Edition, excluding Law Schools)  |d vLex Global (Academic Edition, Law Schools) 
650 |a Derecho fiscal  |z Espaą 
740 0 |a vLex libros (servicios en linea) 
856 4 0 |z Acceso restringido  |u http://vlex.com/source/aspectos-fiscales-de-la-movilidad-internacional-de-los-recursos-humanos-14345 
942 |c BOOK 
999 |a Taxation-law and legislation